History Quiz

Random History Quiz
Score 0/6 Timer 03:00
0 Plays Today
year in office Premier % Correct
1949-1976Zhou Enlai
88.7%
2003- presentWen Jiabao
73.6%
1976-1980Hua Guofeng
56.6%
1987-1998Li Peng
54.7%
1998-2003Zhu Rongji
47.2%
1980-1987Zhao Ziyang
43.4%
Come Together.
Have Fun.
All Virtual.
We all need to come together. Play Sporcle's virtual live trivia to have fun, connect with people, and get your trivia on. Join a live hosted trivia game for your favorite pub trivia experience done virtually. If a virtual private party is more your thing, go here for details.

You're not logged in!

Compare scores with friends on all Sporcle quizzes.
OR
Log In

Sporcle TV

Today on Sporcle TV


Watch our educational content, quiz creation guides, and fun videos on Sporcle TV.

Show Comments

Extras

Created Feb 21, 2011ReportNominate
Tags:china, Premier

Top Quizzes Today


Score Distribution

Paid Content

Your Account Isn't Verified!

In order to create a playlist on Sporcle, you need to verify the email address you used during registration. Go to your Sporcle Settings to finish the process.

Report this User

Report this user for behavior that violates our Community Guidelines.

Details: